000 00298nam a22001337a 4500
008 171129b xxu||||| |||| 00| 0 eng d
020 _a9780201895483
041 _aeng
080 _a004
100 _a26
101 _aSHK
245 _aA PRACTICAL GUIDE TO SOLARIS
_cSOBELL,M.G
942 _2udc
_cBK
999 _c38611
_d38611